Quick Pick: Geology Branches Quiz Stats

 Plays Quiz Updated Aug 5, 2017

Score 0/14 Timer 01:00
0 Plays Today
% Correct
Mineralogy
95.5%
Sedimentology
95.2%
Volcanology
94.7%
Seismology
94.2%
Geomorphology
93.4%
Glaciology
92.4%
Geotectonics
91.7%
% Correct
Geochemistry
89.7%
Gemology
86.1%
Stratigraphy
81.7%
Petrology
80.8%
Oceanography
80%
Paleontology
76.1%
Hydrology
75.9%

Today's Daily Dose

Missing Word
Christopher Lee

You're not logged in!

Compare scores with friends on all Sporcle quizzes.
OR
Log In

Show Comments

Extras

Top Quizzes Today


Score Distribution

Your Account Isn't Verified!

In order to create a playlist on Sporcle, you need to verify the email address you used during registration. Go to your Sporcle Settings to finish the process.

Report this User

Report this user for behavior that violates our Community Guidelines.

Details: